| 000 | 00658nam a2200229 a 4500 | ||
|---|---|---|---|
| 999 |
_c2907 _d2907 |
||
| 001 | 2907 | ||
| 003 | BD-JhCC | ||
| 005 | 20220512134022.0 | ||
| 008 | 171108s2000 bg a|||| ||a| 000 0 ben d | ||
| 020 | _a9844120993 | ||
| 035 | _a(BD-JhCC)2907 | ||
| 040 |
_aBD-JhCC _dBD-JhCC |
||
| 041 | _aben | ||
| 082 |
_a891.443 _bHAM 2000 |
||
| 100 | _aহামিদ, এম. এ. | ||
| 245 |
_aফেলে আসা সৈনিক জীবন / _cএম. এ. হামিদ, |
||
| 260 |
_aঢাকা : _bঅনন্যা প্রকাশন, _c2000 |
||
| 300 |
_a190 p. : _c22 cm. |
||
| 650 | _aBengali Novel | ||
| 942 |
_2ddc _cBK _02 |
||